Devinez la Capitale Mystère #171 - Statistiques

Statistiques générales
  • Ce quiz a été pris 81 fois
  • Le résultat moyen est 27 sur 35
Statistiques - réponses
Type de Réponse Réponse % Correct
Lettre de l'Alphabet R
100%
Lettre de l'Alphabet A
99%
Lettre Trouvée I
99%
Lettre de l'Alphabet S
99%
Lettre Trouvée N
97%
Lettre Trouvée E
96%
Lettre de l'Alphabet B
94%
Lettre Trouvée O
94%
Lettre Trouvée L
93%
Lettre de l'Alphabet P
93%
Lettre de l'Alphabet T
91%
Lettre Trouvée G
88%
Lettre de l'Alphabet U
88%
Lettre de l'Alphabet D
87%
Lettre de l'Alphabet H
85%
Lettre de l'Alphabet M
85%
Lettre Bien Placée I
84%
Lettre de l'Alphabet K
82%
Lettre Trouvée W
82%
Lettre de l'Alphabet C
78%
Lettre Bien Placée E
78%
Lettre Bien Placée L
76%
Lettre Bien Placée L
75%
Lettre Bien Placée N
74%
Lettre de l'Alphabet V
71%
Lettre de l'Alphabet X
63%
Lettre de l'Alphabet Y
63%
Lettre Bien Placée O
57%
Lettre de l'Alphabet J
56%
Lettre de l'Alphabet Z
54%
Lettre de l'Alphabet F
53%
Lettre de l'Alphabet Q
51%
Lettre Bien Placée W
49%
Lettre Bien Placée G
47%
Capitale Mystère Lilongwe
47%
Aucun quiz correspondant
Distribution des résultats
% des personnes avec chaque résultat
Percentile par nombre de réponses
Votre historique - résultats
Vous n’avez pas pris ce quiz